Normal view
MARC view
Entry Nombre personal
001 - NÚMERO DE CONTROL
- campo de control: 21677
003 - IDENTIFICADOR DEL NÚMERO DE CONTROL
- campo de control: FranzMayer
005 - FECHA Y HORA DE LA ÚLTIMA TRANSACCIÓN
- campo de control: 20190320210354.0
008 - DATOS DE LONGITUD FIJA
- campo de control de longitud fija: 190320|| aca||aabn | a|a d
040 ## - FUENTE DE LA CATALOGACIÓN
- Centro catalogador/agencia de origen: FranzMayer
- Centro/agencia transcriptor: FranzMayer
100 ## - ENCABEZAMIENTO-NOMBRE DE PERSONA
- Nombre de persona: Terreros y Pando, Esteban (S.I.)
- Fechas asociadas al nombre: 1707 - 1782
- Término indicativo de función/relación: tr.
670 ## - FUENTE DE DATOS ENCONTRADOS
- Cita de la fuente: Work cat.: (FranzMayer): Pluche, Nöel Antoine 1688 - 1761 21346, Espectáculo de la naturaleza, o conversaciones a cerca de las particularidades de la historia natural, que han parecido más apropósito para exercitar una curiosidad útil, y formarles la razón à los jóvenes lectores, parte quinta, que contiene lo que mira al hombre considerado en si mismo., 1754